Responses for show #2810 - Friday, November 15, 1996

1996 Celebrity Jeopardy! game 5.

Contestants

Alicia Witt, an actress from Cybill

Renee Taylor, a writer and actress from The Nanny

Robert Loggia, an actor from the movie Independence Day

Jeopardy! Round responses

HISTORIC AMERICANS
MUSEUMS
PEOPLE
RELIGION
3-LETTER ANATOMY
VIVA LAS VEGAS
    $100 1
Ben Franklin

Alicia
    $100 19
Greyhound

Alicia
    $100 2
Michael Jordan

Alicia
    $100 7
rabbi

Robert
    $100 9
lip

Alicia
    $100 21
[buzzer sounds to end the round]

Caesars Palace

Renee
    $200 8
Andrew Jackson

Alicia
    $200 20
(Robert: What is Firestone?)

Goodyear

Robert
Triple Stumper
    $200 3
Leslie Nielsen

Alicia
    $200 13
(Robert: Just went out of my head!)
(Renee: Who is Paul?)

Peter

RobertRenee
Triple Stumper
    $200 10
ear

Robert
    $300 11
Thomas Jefferson

Robert
    $300 4
St. Elsewhere

Triple Stumper
    $300 14
the Koran

Robert
    $300 16
eye

Renee
    $400 12
Aaron Burr

Robert
    $400 5
(Robert: Who is Jose Canseco?)

Ken Griffey, Jr.

Robert
Triple Stumper
    $400 15
Confucius

Alicia
    $400 17
rib

Renee
    $500 6
(Alicia: What is "As the World Turns?")

General Hospital

Alicia
Triple Stumper
    $500 18
(Alicia: What is eye?)
....
(Alex: Less than a minute to go.)

jaw

RobertAlicia

Scores at the first commercial break (after clue 12):

Robert Renee Alicia
$600 $0 $200

Scores at the end of the Jeopardy! Round:

Robert Renee Alicia
$1,000 $600 $200

Double Jeopardy! Round responses

OSCAR WINNERS ONSTAGE
WORLD GEOGRAPHY
FAMOUS NAMES
BOOKS & AUTHORS
CATS & DOGS
DYSFUNCTIONAL ROYAL FAMILIES
(Alex: Are there any other kind?)
    $200 1
Barbra Streisand

Alicia
    $200 26
Siberia

Alicia
    $200 6
Indira Gandhi

Robert
    $200 19
Michael Crichton

Alicia
    $200 8
smell

Alicia
    $200 24
Napoleon

Robert
    $400 2
(Renee: Who was Richard Burton?)

Anthony Hopkins

ReneeAlicia
    $400 15
Scotland

Renee
    $400 7
John F. Kennedy, Jr.

Alicia
    $400 20
Mario Puzo

Robert
    $400 9
Egypt

Alicia
    $400 27
[buzzer sounds to end the round]

Cleopatra

Alicia
    $600 3
(Alicia: Who is Matthew Broderick?)

Dustin Hoffman

ReneeAlicia
    $600 14
New Zealand

Robert
    $600 16
Tiger Woods

Alicia
    $600 21
Anne Rice

Renee
    $600 10
Siamese

Triple Stumper
    $800 4
Cher

Alicia
    $800 17
Gwyneth Paltrow

Alicia
    $800 22
(Alex: We have less than a minute to go.)

Tom Clancy

Alicia
    $800 11
terrier

Alicia
    $1000 5
Jeremy Irons

Alicia
    $1000 13
Hudson Bay

Robert
    $1,000 18
(Alicia: Who is...Alan Rosenberg?)

James Brady

Alicia
    $1000 23
Danielle Steel

Triple Stumper
    $1000 12
ocelot

Robert
    $1000 25
Claudius

Robert

Scores at the end of the Double Jeopardy! Round:

Robert Renee Alicia
$5,400 $1,800 $5,800

[wagering suggestions for these scores]

Final Jeopardy! Round responses

PUBLISHING FIRSTS
(Alex: Now, we said at the beginning of the week that the celebrity who had the highest score would have his or her total doubled, & that young lady is coming out now; let's welcome Laura Innes from the medical series ER. Laura, welcome back, you were the high scorer for the week with $12,200, that means your charity gets $24,400, and the charity is...)
(Laura: L.A. Youth Network, which provides shelter for homeless teenagers.)
(Alex: We're back Monday with the Tournament of Champions, so long, everybody!)
ReneeWhat is Bible?
$500
RobertWhat is? Africa
$2,000
AliciaWhat is Antarctica?! Hi Amy & Big Goop!
$1,600
Antarctica

Final scores:

Robert Renee Alicia
$3,400 $1,300 $7,400
2nd place: $10,000 to the Motion Picture Home 3rd place: $10,000 to the National Organization of Italian Women Winner: $10,000 to the Pediatric AIDS Foundation

Game dynamics:

Coryat scores:

Robert Renee Alicia
$5,400 $1,800 $6,800
13 R,
3 W
6 R,
2 W
21 R,
4 W
(including 1 DD)

Combined Coryat: $14,000

The J! Archive is created by fans, for fans. The Jeopardy! game show and all elements thereof, including but not limited to copyright and trademark thereto, are the property of Jeopardy Productions, Inc. and are protected under law. This website is not affiliated with, sponsored by, or operated by Jeopardy Productions, Inc. Join the discussion at JBoard.tv.